Rise Against Members - Statistics

General Stats
  • This quiz has been taken 10 times
  • The average score is 5 of 9
Answer Stats
Hint Answer % Correct
Vocals Tim McIlrath
100%
Lead guitar Zach Blair
100%
Bass Joe Principe
88%
Drums Brandon Barnes
75%
Guitar (former) Dan Wlekinski
50%
Guitar (former) Chris Chasse
38%
Guitar (former) Todd Mohney
38%
Guitar (former) Kevin White
0%
Drums (former) Toni Tintari
0%
No matching quizzes found
Score Distribution
Percent of People with Each Score
Percentile by Number Answered
Your Score History
You have not taken this quiz